000 nam a22 a 4500
999 _c991
_d991
003 AKMAL
005 20170508102813.0
008 170508 my 00 may d
020 _a9830462595 (kkt.):
_cRM 5.00
040 _aAKMAL
082 _a297.22 MOH
090 _a297.22
_bMOH
245 1 0 _aPanduan menghapus dosa :
_bsolat tasbih /
_cMuhammad Isa Selamat
260 _aKuala Lumpur :
_bDarul Nu'man,
_c2000
300 _ccm
942 _2ddc
_cBOOK